000 00323nam a2200133Ia 4500
100 _aGurewitch Ori etc
942 _cBK
654 _aBorland C++Multimedia programming
245 _aBorland C++ Multimedia programming
260 _bTechnical Pub
_aSingapore
_c1995
300 _a862
546 _aENGLISH
999 _c30093
_d30093